000170308 001__ 170308
000170308 005__ 20260410165451.0
000170308 0247_ $$2doi$$a10.30827/pna.v20i3.33454
000170308 0248_ $$2sideral$$a148796
000170308 037__ $$aART-2026-148796
000170308 041__ $$aspa
000170308 100__ $$aCorreal-Jurado, Ana María$$uUniversidad de Zaragoza
000170308 245__ $$aUn análisis exploratorio de los vídeos en línea sobre funciones cuadráticas
000170308 260__ $$c2026
000170308 5060_ $$aAccess copy available to the general public$$fUnrestricted
000170308 5203_ $$aEl uso de vídeos educativos en línea entre el alumnado y parte del profesorado justifica su investigación desde la didáctica de las matemáticas. Se presenta un estudio cualitativo que tiene como objetivo analizar la idoneidad epistémica de 18 vídeos de YouTube sobre funciones cuadráticas. Consideramos como categorías las situaciones-problema, los lenguajes: registros y representaciones lingüísticas y los conflictos epistémicos, empleando herramientas del Enfoque Ontosemiótico. Los resultados indican que en la mayoría de los vídeos se presenta el objeto de estudio en sus registros simbólicos y gráficos, encontrándose imprecisiones y errores de tipo conceptual relevantes al estudiar funciones cuadráticas.
000170308 540__ $$9info:eu-repo/semantics/openAccess$$aby-nc-nd$$uhttps://creativecommons.org/licenses/by-nc-nd/4.0/deed.es
000170308 655_4 $$ainfo:eu-repo/semantics/article$$vinfo:eu-repo/semantics/publishedVersion
000170308 700__ $$0(orcid)0000-0002-1275-9976$$aBeltrán-Pellicer, Pablo$$uUniversidad de Zaragoza
000170308 700__ $$0(orcid)0000-0002-7725-3917$$aArnal-Palacián, Mónica$$uUniversidad de Zaragoza
000170308 7102_ $$12006$$2200$$aUniversidad de Zaragoza$$bDpto. Matemáticas$$cÁrea Didáctica Matemática
000170308 773__ $$g20, 3 (2026), 243-272$$pPNA$$tPNA$$x1886-1350
000170308 8564_ $$s5061963$$uhttps://zaguan.unizar.es/record/170308/files/texto_completo.pdf$$yVersión publicada
000170308 8564_ $$s1890269$$uhttps://zaguan.unizar.es/record/170308/files/texto_completo.jpg?subformat=icon$$xicon$$yVersión publicada
000170308 909CO $$ooai:zaguan.unizar.es:170308$$particulos$$pdriver
000170308 951__ $$a2026-04-10-13:46:17
000170308 980__ $$aARTICLE